LEADER 00827cam0-22003011i-450- 001 990005116640403321 005 20070925112846.0 035 $a000511664 035 $aFED01000511664 035 $a(Aleph)000511664FED01 035 $a000511664 100 $a19990604d1967----km-y0itay50------ba 101 0 $ager 102 $aDE 105 $ay-------001yy 200 1 $aDramen$fJacob Michael Reinhold 210 $aMünchen$cW. Fink$d1967 215 $av.$d20 cm 225 1 $aGesammelte Werke in vier Bänden$v1$fJacob Michael Reinhold Lenz 327 0 $a1. 700 1$aLenz,$bJakob Michael Reinhold$f<1751-1792>$0291268 801 0$aIT$bUNINA$gRICA$2UNIMARC 901 $aBK 912 $a990005116640403321 952 $aTX-LE-22$bFil.Mod. 28001$fFLFBC 959 $aFLFBC 996 $aDramen$9534007 997 $aUNINA LEADER 00902nam0 22002893i 450 001 996263349403316 005 20180710115831.0 010 $a978-88-6611-700-1 100 $a20180710d2018----km y0itay5003 ba 101 $aita 102 $aIT 105 $ay 00 y 200 1 $aCaratteri, limiti e prospettive dell'Unione bancaria$fNicola Ruccia 210 $aBari$cCacucci$d2018 215 $aIX, 167 p.$d24 cm 225 $aCollana di studi sull'integrazione europea$v25 410 0$aCollana di studi sull'integrazione europea$v, 25 606 0 $aBanche$xDiritto comunitario$2BNCF 676 $a346.24082 700 1$aRUCCIA,$bNicola$0755002 801 0$aIT$bsalbc$gISBD 912 $a996263349403316 951 $aXXIII.4.K. 1124$b87912 G.$cXXIII.4.K.$d415032 959 $aBK 969 $aGIU 996 $aCaratteri, limiti e prospettive dell'Unione bancaria$91519585 997 $aUNISA